|
|
|
|
| LEADER |
01992nam a2200493 4500 |
| 001 |
ocn857504896 |
| 003 |
OCoLC |
| 005 |
20180501122012.0 |
| 006 |
m o d |
| 007 |
cr cnu---unuuu |
| 008 |
130903s2013 ne ob 001 0 eng d |
| 040 |
|
|
|a N$T
|b eng
|e rda
|e pn
|c N$T
|d E7B
|d UMI
|d UIU
|d OCLCF
|d OCLCQ
|d OCLCO
|d YDXCP
|d EBLCP
|d MHW
|d DEBSZ
|d OCLCQ
|d COO
|d LIP
|d FIE
|d OCLCA
|d OCLCQ
|d MERUC
|d GrThAP
|
| 019 |
|
|
|a 858229300
|a 865474358
|a 902647278
|
| 020 |
|
|
|a 9780444536846
|q (electronic bk.)
|
| 020 |
|
|
|a 0444536841
|q (electronic bk.)
|
| 020 |
|
|
|a 9780444536839
|
| 020 |
|
|
|a 0444536833
|
| 035 |
|
|
|a (OCoLC)857504896
|z (OCoLC)858229300
|z (OCoLC)865474358
|z (OCoLC)902647278
|
| 050 |
|
4 |
|a HB3730
|
| 072 |
|
7 |
|a BUS
|x 069000
|2 bisacsh
|
| 072 |
|
7 |
|a BUS
|x 055000
|2 bisacsh
|
| 082 |
0 |
4 |
|a 330.0112
|2 23
|
| 049 |
|
|
|a TEFA
|
| 245 |
0 |
0 |
|a Handbook of economic forecasting.
|n Volume 2A /
|c edited by Graham Elliott, Allan Timmermann.
|
| 264 |
|
1 |
|a Amsterdam :
|b North Holland,
|c [2013]
|
| 300 |
|
|
|a 1 online resource.
|
| 336 |
|
|
|a text
|b txt
|2 rdacontent
|
| 337 |
|
|
|a computer
|b c
|2 rdamedia
|
| 338 |
|
|
|a online resource
|b cr
|2 rdacarrier
|
| 490 |
1 |
|
|a Handbook of economic forecasting ;
|v v. 2A
|
| 588 |
0 |
|
|a Print version record.
|
| 504 |
|
|
|a Includes bibliographical references and index.
|
| 505 |
0 |
|
|a Section I. Macro forecasting -- section II. Forecasting financial variables.
|
| 650 |
|
0 |
|a Economic forecasting.
|
| 650 |
|
7 |
|a BUSINESS & ECONOMICS
|x Economics
|x General.
|2 bisacsh
|
| 650 |
|
7 |
|a BUSINESS & ECONOMICS
|x Reference.
|2 bisacsh
|
| 650 |
|
7 |
|a Economic forecasting.
|2 fast
|0 (OCoLC)fst00901942
|
| 655 |
|
4 |
|a Electronic books.
|
| 655 |
|
0 |
|a Electronic books.
|
| 700 |
1 |
|
|a Elliott, Graham,
|d 1965-
|e editor.
|
| 700 |
1 |
|
|a Timmermann, Allan,
|e editor.
|
| 776 |
0 |
8 |
|i Print version:
|t Handbook of economic forecasting. Vol 2A
|
| 830 |
|
0 |
|a Handbook of economic forecasting ;
|v v. 2A.
|
| 856 |
4 |
0 |
|u https://www.sciencedirect.com/science/handbooks/15740706/2/part/PA
|z Full Text via HEAL-Link
|